|
|
|
|
| LEADER |
01823nam a2200337 a 4500 |
| 001 |
1176 |
| 003 |
BD-DhAAL |
| 005 |
20151122130015.0 |
| 008 |
151123s1995 bg a 100 0 beno |
| 010 |
|
|
|a 96905572
|
| 020 |
|
|
|a 9848173021
|
| 040 |
|
|
|a DLC
|c DLC
|d BD-DhAAL
|
| 050 |
0 |
0 |
|a QH540.83.B3
|b P38 1995
|
| 082 |
|
|
|a 306.08095492
|
| 245 |
0 |
0 |
|a পরিবেশ :
|b রাজনৈতিক দলের ভূমিকা /
|c সম্পাদনায় , মোহিউদ্দিন ফারূক, মেসবাহ আহমদ, ইকবাল কবির.
|
| 250 |
|
|
|a 1st ed.
|
| 260 |
|
|
|a ঢাকা :
|b বাংলাদেশ পরিবেশ আইনবিদ সমিতি (বেলা),
|c ১৯৯৫.
|
| 300 |
|
|
|a ১৭৬ পৃ. :
|b চিত্র ;
|c ২২ সে.মি.
|
| 520 |
|
|
|a On environment in Bangladesh and role of political parties; papers read at a opinion meeting organized by Bāṃlādeśa Paribeśa Āinabida Samiti, Dhaka.
|
| 541 |
|
|
|e 1176
|
| 546 |
|
|
|a In Bengali.
|
| 650 |
|
0 |
|a Ecology
|z Bangladesh
|v Congresses.
|9 16466
|
| 650 |
|
0 |
|a Ecology
|x Political aspects
|z Bangladesh
|v Congresses.
|9 16467
|
| 700 |
1 |
|
|a ফারূক, মোহিউদ্দিন
|9 16468
|
| 700 |
1 |
|
|a আহমদ, মেসবাহ
|9 16469
|
| 700 |
1 |
|
|a কবির, ইকবাল
|9 16470
|
| 710 |
2 |
|
|a বাংলাদেশ পরিবেশ আইনবিদ সমিতি (বেলা),
|9 16471
|
| 942 |
|
|
|2 ddc
|c BK
|
| 999 |
|
|
|c 36276
|d 36276
|
| 952 |
|
|
|0 0
|1 0
|2 ddc
|4 0
|6 306_080954920000000_POR
|7 0
|9 57022
|a SCL
|b SCL
|c GEN
|d 2015-11-22
|g 200.00
|l 0
|o 306.08095492 POR
|p 3020001176
|r 2015-11-22
|t 1
|w 2015-11-22
|y BK
|
| 952 |
|
|
|0 0
|1 0
|2 ddc
|4 0
|6 306_080954920000000_POR
|7 0
|9 57023
|a SCL
|b SCL
|c GEN
|d 2015-11-22
|g 200.00
|l 0
|o 306.08095492 POR
|p 3020002007
|r 2015-11-22
|t 2
|w 2015-11-22
|y BK
|